| 000 | 01019nam a2200265 a 4500 | ||
|---|---|---|---|
| 001 | 000021308 | ||
| 005 | 20200930011307.0 | ||
| 008 | 100904r19651975mx a r 001 0 eng d | ||
| 040 |
_aDO-SdBNP _bspa _cBNPHU |
||
| 082 |
_a636.9322 _bT288c |
||
| 100 | 1 |
_aTempleton, George S., _944526 |
|
| 240 | 1 | 0 |
_aDomestic rabbit production. _lEspañol. |
| 245 | 1 | 0 |
_aCría del conejo doméstico / _cGeorge S. Templeton ; traducido por José Luis de la Loma ; revisado por Alfredo Aguilar Barroso. |
| 250 | _a13 reimp. | ||
| 260 |
_aMéxico : _bCompañía Editorial Continental, _c1965. |
||
| 300 |
_a255 p. : _bill. ; _c23 cm. |
||
| 500 | _aIncluye notas al pie de las páginas. | ||
| 534 |
_pTítulo original en inglés: _tDomestic rabbit production. _cDanville, Illinois : The Interstate Printers & Publishers, 1962 |
||
| 500 | _aInclude index | ||
| 650 | 4 |
_aCunicultura _944527 |
|
| 650 | 4 |
_aConejos _941153 |
|
| 700 | 1 |
_aLoma, José Luis de la, _etr. _944528 |
|
| 700 | 1 |
_aAguilar Barroso, Alfredo, _944529 |
|
| 049 | _aBNGR | ||
| 999 |
_c20808 _d20808 |
||